The message of the Doctrine and convenants /

Bibliographic Details
Main Author: Widtsoe, John Andreas, 1872-1952
Format: Book
Language:English
Published: Salt Lake City : Bookcraft, 1969.
Subjects:

MARC

Tag First Indicator Second Indicator Subfields
LEADER 00000cam a2200000 4500
001 in00000326218
005 20151011051127.0
008 690328s1969 utu 00000 eng
010 |a  74077460  
035 |a (OCoLC)00008003 
035 |9 ABK6693AM 
037 |c 3.50 
040 |a DLC  |c DLC  |d TXA  |d UtOrBLW 
049 |a TXAM  |c [850896] 
050 0 |a BX8628  |b .W53 1969 
082 0 |a 289.3 
100 1 |a Widtsoe, John Andreas,  |d 1872-1952. 
245 1 4 |a The message of the Doctrine and convenants /  |c Edited and arranged with a foreword by G. Homer Durham. 
264 1 |a Salt Lake City :  |b Bookcraft,  |c 1969. 
300 |a xii, 179 pages ;  |c 24 cm. 
336 |a text  |b txt  |2 rdacontent 
337 |a unmediated  |b n  |2 rdamedia 
338 |a volume  |b nc  |2 rdacarrier 
500 |a The transcript of lectures delivered by the author at the University of Southern California, April-June, 1936. 
610 2 0 |a Reorganized Church of Jesus Christ of Latter Day Saints.  |t Book of doctrine and convenants. 
999 |a MARS 
999 f f |s a9d53a1d-8071-3f7a-9091-6633009bdd5a  |i dd9eedec-67c8-35e0-9fd3-778ada358f7a  |t 0 
952 f f |p ric  |a Texas A&M University  |b Rellis Campus  |c Joint Library Facility  |d Remote Storage  |t 0  |e BX8628 .W53 1969  |h Library of Congress classification  |i unmediated -- volume  |m A14801831867 
998 f f |a BX8628 .W53 1969  |t 0  |l Remote Storage